000 00960nam a22002537a 4500
999 _c7186
_d7186
003 AR-CdUCM
008 190320b ||||| |||| 00| 0 spa d
020 _a968 444 277 7
040 _aMUNICIPALIDAD PROVINCIAL DEL CUSCO
_cBIBLIOTECA MUNICIPAL DEL CUSCO
082 _29ed.
_a530.1 /
_bS 32
100 _aSears, Francis W.
_920260
245 _aFisica universitaria /
260 _aMéxico :
_c1999.
300 _a696 paginas ;
_c21 cm.
505 _aContenido :Cantidades físicas y vectores -- Movimiento a lo largo de una linea recta -- Movimiento en dos o tres dimensiones -- Leyes de newton del movimiento -- Aplicaciones de las leyes de newton ...
650 _aEstudio y enseñanza
_92610
650 _aProblemas, ejercicios
_919962
650 _aFísica
_92382
700 _aZemansky, Mark W.
_920261
700 _aYoung, Hugh D. y otros
_920262
700 _aEscalona García, Roberto (traductor)
_920263
942 _2ddc
_cLIBROS
945 _arum